广州-佛山地铁大环线怎么画?Guangzhou-Foshan metro big ring line - Statistics

General Stats
  • This quiz has been taken 63 times
  • The average score is 17 of 29
Answer Stats
类型 答案 % Correct
线路 5
97%
线路 6
97%
线路 1
92%
线路 广佛
87%
线路 佛3
87%
线路 7
87%
线路 18
79%
线路 22
79%
线路 7
74%
线路 14
72%
线路 21
72%
线路 2
67%
线路 13
62%
线路 5
62%
线路 7
62%
换乘站 坦尾
54%
换乘站 黄沙
49%
换乘站 西塱
46%
换乘站 北滘公园
41%
换乘站 广州南站
41%
换乘站 番禺广场
41%
换乘站 南村万博
38%
换乘站 裕丰围
38%
换乘站 嘉禾望岗
38%
换乘站 东平
36%
换乘站 夏园
36%
换乘站 大沙东
36%
换乘站 镇龙
36%
换乘站 水西
33%
No matching quizzes found
Score Distribution
Percent of People with Each Score
Percentile by Number Answered
Your Score History
You have not taken this quiz